00941nam a22002297a 450000500170000000800400001702000150005705000200007224501170009225000110020926000620022026000400028230000210032250000770034350400210042065000220044165000440046370000450050794200130055299900190056595201270058420151021114940.0151021b mx ||||| |||| 00| 0 spa d a968634817404aHM856bC66 199800aComunicación y globalidad :bensayos de ecología cultural /ctraducción Miguel Ángel Sánchez de Armas. a1a ed. aMéxico :bInstituto Internacional de las Comunicaciones bFundación Manuel Buendía,c1998 a383 p. ;c21 cm. aTraduccion de: Cultural ecology. The changing dynamics of communications aIncluye índice 4aEcología social 72LEMBaComunicaciónxAspectos sociales1 aSánchez de Armas, Miguel Ángel,etr. 2lcccLIB c105314d105314 102lcc4070aPOS-042bPOS-042cCEVd2015-10-21f1a ed.iDkCSAoHM856 C66 1998pBPD000002824r2015-10-21 00:00:00t1yLIB